000 00312nam a22001337a 4500
008 181122b xxu||||| |||| 00| 0 eng d
020 _a5780534523262
041 _aeng
080 _28 TH
_a370
100 _a48
101 _aEDU
245 _aOpportunity For Skillful Reading
_cJofe.I.L
942 _2udc
_cBK
999 _c52324
_d52324